| 000 -CABECERA |
| Longitud fija campo de control |
00788nam a2200217 u 4500 |
| 001 - NÚMERO DE CONTROL |
| Número de control |
991061090376106706 |
| 003 - IDENTIFICADOR DEL NÚMERO DE CONTROL |
| Identificador del número de control |
OSt |
| 005 - FECHA Y HORA DE LA ÚLTIMA TRANSACCIÓN |
| Fecha y hora de la última transacción |
20240212122834.0 |
| 008 - CÓDIGOS DE INFORMACIÓN DE LONGITUD FIJA |
| Códigos de información de longitud fija |
s2021 xx r 000 0 cat d |
| 020 ## - NÚMERO INTERNACIONAL NORMALIZADO PARA LIBROS |
| Número Internacional Normalizado para Libros (ISBN) |
9788419590657 |
| 040 ## - FUENTE DE LA CATALOGACIÓN |
| Centro catalogador de origen |
CDMR |
| Lengua de catalogación |
cat |
| Centro transcriptor |
CDMR |
| 100 ## - PUNTO DE ACCESO PRINCIPAL-NOMBRE DE PERSONA |
| Nombre de persona |
Rifà i Rierola, Josefina |
| 9 (RLIN) |
4928 |
| 245 ## - MENCIÓN DE TÍTULO |
| Título |
Tu, calla |
| Resto del título |
: silencis i oblits. Memòries de Josefina Rifà i de la radiodifusió a Catalunya |
| Mención de responsabilidad, etc. |
/ Josefina Rifà i Rierola |
| 260 ## - PUBLICACIÓN, DISTRIBUCIÓN, ETC. (PIE DE IMPRENTA) |
| Lugar de publicación, distribución, etc. |
Barcelona : |
| Nombre del editor, distribuidor, etc. |
Comanegra, |
| Fecha de publicación, distribución, etc. |
2024 |
| 300 ## - DESCRIPCIÓN FÍSICA |
| Extensión |
253 pàgines |
| 600 #0 - PUNTO DE ACCESO ADICIONAL DE MATERIA - NOMBRE DE PERSONA |
| 9 (RLIN) |
4929 |
| Nombre de persona |
Rifà i Anglada, Eduard |
| 610 #0 - PUNTO DE ACCESO ADICIONAL DE MATERIA - NOMBRE DE ENTIDAD CORPORATIVA |
| 9 (RLIN) |
4752 |
| Nombre de entidad corporativa o nombre de jurisdicción como elemento inicial |
Ràdio Associació de Catalunya |
| Subdivisió,n de materia general |
Història |
| Subdivisión cronológica |
1924-1938 |
| 610 20 - PUNTO DE ACCESO ADICIONAL DE MATERIA - NOMBRE DE ENTIDAD CORPORATIVA |
| 9 (RLIN) |
3399 |
| Nombre de entidad corporativa o nombre de jurisdicción como elemento inicial |
Ràdio Barcelona |
| Subdivisió,n de materia general |
Història |
| Subdivisión cronológica |
1924-1938 |
| 650 #0 - PUNTO DE ACCESO ADICIONAL DE MATERIA - TÉRMINO DE MATERIA |
| 9 (RLIN) |
3105 |
| Término de materia o nombre geográfico como elemento inicial |
Radiodifusió |
| Subdivisión geográfica |
Catalunya |
| Subdivisión de materia general |
Història |
| Subdivisión cronológica |
1924-1938 |
| 942 ## - ENTRADA DE ELEMENTOS AGREGADOS (KOHA) |
| Fuente de clasificaión o esquema |
|
| Koha [por defecto] tipo de item |
Monografies |